00936nam a2200217 a 450000100100000000500170001000800410002704000250006808200220009311000670011524500620018226000920024430000430033654600230037959000270040265000580042965000570048791000370054495201200058199900170070100003195420200930063317.0110707s1983 dr abc 000 0 spa d aDO-SdBNPbspacBNPHU aR332.67314bA512d2 aAmerican Chamber of Commerce of the Dominican Republic.95811910aDominican Republic investors handbook and business guide. a[Santo Domingo :bCámara Americana de Comercio de la República Dominicana.,c1983]. a250 p. :bil., mapas, retrs. ;c23 cm. aTexto en inglés. aInventariado, 2018/MFF 4aCapitalistaszRepública DominicanaxManuales958120 4aNegocianteszRepública DominicanaxManuales958121 aValidado. Control de calidad EMS 0010718PDaPDbPDcHDd2011-07-07iLF1l0oR332.67314 A512dp31954-10r2020-06-25w2020-06-25yLFPDZNo se presta c31445d31445